| 000 | 00477nam a2200181Ia 4500 | ||
|---|---|---|---|
| 005 | 20250320065446.0 | ||
| 008 | 240331s9999 xx 000 0 und d | ||
| 020 | _a8187943157 | ||
| 082 |
_bSEC _25556 _a361.26 |
||
| 245 | 0 |
_aSecurity in the New Millennium: _bViews from South Asia |
|
| 260 |
_aNew Delhi, _bIndia Research Press _c2001 |
||
| 300 | _axi, 248 p., | ||
| 650 | _aSouth Asia | ||
| 650 | _aDemocracy | ||
| 650 | _aState | ||
| 700 |
_aBasrur, R> M _eedt |
||
| 942 | _cL | ||
| 999 |
_c2898 _d2898 |
||